| 000 | 00576nam a2200205 a 4500 | ||
|---|---|---|---|
| 005 | 20140310183447.0 | ||
| 008 | 081205s19uu xx 00 eng d | ||
| 020 | _a9780324318760 | ||
| 050 |
_aHG 4026 _b.W379 2008 |
||
| 100 | _aWeaver, Samuel C. | ||
| 245 |
_aStrategic financial management / _cSamuel C. Weaver. |
||
| 260 |
_aAustralia : _bThomson, _c2008. |
||
| 300 |
_a672 p. : _bill. col. ; _c27 cm. |
||
| 521 | _aBSBA | ||
| 650 |
_aCorporations _xFinance. |
||
| 650 | _aStrategic planning. | ||
| 700 | _aWeston, Fred J. | ||
| 942 |
_cBK _2lcc _kFOR |
||
| 999 |
_c23286 _d23286 |
||